Handbook : Coconut husk as a potting medium

Bibliographic Details
Main Author: KIJKAR
Format: Book
Published: Saraburi, Thailand : ASEAN-Canada Forest Tree Seed Centre , 1991
Subjects:

MARC

LEADER 00000cam a2200000 7i4500
001 0000001251
005 20140329.0
020 0 0 |a 9743612771 
090 0 0 |a 641.3461   |b KIJ 1991 
100 1 0 |a KIJKAR   |h Somyos 
245 1 0 |a Handbook :   |b Coconut husk as a potting medium   |c Somyos Kijkar 
260 0 0 |a Saraburi, Thailand :   |b ASEAN-Canada Forest Tree Seed Centre ,   |c 1991 
300 |a 14 p. :   |b ill. ;   |c 25 cm. 
650 0 0 |a Coconut 
650 0 0 |a Coconut products   |x Handbooks, manuals, etc. 
998 |a JPSM 
999 |a 0000003184   |b Monograph   |c Open Shelf   |e Default branch 
999 |a 0000003185   |b Monograph   |c Open Shelf   |e Default branch